000 00391cam a22001575a 4500
001 J100925
008 000000s1927 xxk 000 0 eng u
035 _a(Sirsi) u100925
110 _aSurveyors' Institution
_93783
245 _aCatalogue of the loan library 1927.
260 _c1927
300 _a107p.
651 4 _aUnited Kingdom
_y
690 _aBusiness and management
942 _n0
999 _c99925
_d99925